000 00342nam a2200157Ia 4500
001 618
003 Ost
005 20260507154602.0
008 251113s9999||||xx |||||||||||||| ||eng||
040 _cnitttr
041 _aeng
082 _a620.1
_bM827A
100 _aMorley, Arthur
245 0 _aApplied mechanics. /
_cMorley, Arthur
942 _cBK
999 _c515
_d515